Разработка стандарта организации СТО ТПУ "Выбор и применение статистических методов"; Ресурсоэффективные системы в управлении и контроле: взгляд в будущее; Ч. 2

Bibliographische Detailangaben
Parent link:Ресурсоэффективные системы в управлении и контроле: взгляд в будущее: сборник научных трудов III Международной конференции школьников, студентов, аспирантов, молодых ученых, 06 - 11 октября 2014 г./ Национальный исследовательский Томский политехнический университет (ТПУ).— , 2014
Ч. 2.— 2014.— [С. 330-335]
1. Verfasser: Хасенова А. Б.
Körperschaft: Национальный исследовательский Томский политехнический университет (ТПУ) Институт кибернетики (ИК) Кафедра компьютерных измерительных систем и метрологии (КИСМ)
Weitere Verfasser: Наталинова Н. М. Наталья Михайловна (научный руководитель), Гордеева Е. С. Евгения Сергеевна
Zusammenfassung:Заглавие с титульного экрана
Sprache:Russisch
Veröffentlicht: 2014
Schriftenreihe:Эффективные системы управления качеством
Schlagworte:
Online-Zugang:http://www.lib.tpu.ru/fulltext/c/2014/C47/V2/099.pdf
Format: MixedMaterials Elektronisch Buchkapitel
KOHA link:https://koha.lib.tpu.ru/cgi-bin/koha/opac-detail.pl?biblionumber=611245

MARC

LEADER 00000naa2a2200000 4500
001 611245
005 20231219144928.0
035 |a (RuTPU)RU\TPU\conf\8981 
035 |a RU\TPU\conf\8980 
090 |a 611245 
100 |a 20150302d2014 k y0rusy50 ca 
101 0 |a rus 
102 |a RU 
105 |a y z 101zy 
135 |a drcn ---uucaa 
181 0 |a i  
182 0 |a b 
200 1 |a Разработка стандарта организации СТО ТПУ "Выбор и применение статистических методов"  |f А. Б. Хасенова, Н. М. Наталинова, Е. С. Гордеева  |g науч. рук. Н. М. Наталинова 
203 |a Текст  |c электронный 
225 1 |a Эффективные системы управления качеством 
300 |a Заглавие с титульного экрана 
320 |a [Библиогр.: с. 334-335 (6 назв.)] 
337 |a Adobe Reader 
461 1 |0 (RuTPU)RU\TPU\conf\8514  |t Ресурсоэффективные системы в управлении и контроле: взгляд в будущее  |o сборник научных трудов III Международной конференции школьников, студентов, аспирантов, молодых ученых, 06 - 11 октября 2014 г.  |o в 4 ч.  |f Национальный исследовательский Томский политехнический университет (ТПУ)  |d 2014 
463 0 |0 (RuTPU)RU\TPU\conf\8518  |t Ч. 2  |v [С. 330-335]  |d 2014 
610 1 |a труды учёных ТПУ 
610 1 |a электронный ресурс 
610 1 |a стандарты организации 
610 1 |a статистические методы 
610 1 |a СТО 
610 1 |a СМК 
610 1 |a системы менеджмента качества 
700 1 |a Хасенова  |b А. Б. 
701 1 |a Наталинова  |b Н. М.  |c специалист в области информатики и вычислительной техники  |c доцент Томского политехнического университета, кандидат технических наук  |f 1982-  |g Наталья Михайловна  |3 (RuTPU)RU\TPU\pers\30263  |9 14634 
701 1 |a Гордеева  |b Е. С.  |c специалист в области качества  |c эксперт Томского политехнического университета  |f 1984-  |g Евгения Сергеевна  |3 (RuTPU)RU\TPU\pers\33797 
702 1 |a Наталинова  |b Н. М.  |c специалист в области метрологии  |c доцент Томского политехнического университета  |f 1982-  |g Наталья Михайловна  |4 727 
712 0 2 |a Национальный исследовательский Томский политехнический университет (ТПУ)  |b Институт кибернетики (ИК)  |b Кафедра компьютерных измерительных систем и метрологии (КИСМ)  |3 (RuTPU)RU\TPU\col\18706 
801 2 |a RU  |b 63413507  |c 20150302  |g RCR 
856 4 |u http://www.lib.tpu.ru/fulltext/c/2014/C47/V2/099.pdf 
942 |c BK